• 首页
  • 本馆介绍
  • 公告通知
  • 最新文献
  • 馆藏检索
  • 电子资源
  • 读者导购
  • 参考咨询
  • 我的图书馆
  • 登录
  • 详细信息显示
  • 放入我的书架
  • 预约/预借图书
  • 作者相关作品
  • 分类相关作品
  • 丛书相关作品
  • 出版社相关作品

书目信息

  • 表格格式
  • 工作单格式
  • 卡片格式
题名:
雷达系统分析与设计
    
 
作者: 马哈富扎 著 ;周万幸 译
分册:  
出版信息: 北京   电子工业出版社  2021.1
页数: 20,620页
开本: 26cm
丛书名: 国防电子信息技术丛书
单 册:
中图分类: TN95
科图分类:
主题词: Matlab软件--应用--雷达--系统分析
电子资源:
ISBN: 978-7-121-26001-8
000 01363nam2 2200349 45
001 012001000149
005 20211012142334.62
010    @a978-7-121-26001-8@dCNY128.00
090    @aTN95@bmhf
096    @aTN95@bmhf
100    @a20161214d2016 em y0chiy50 ea
101 1  @achi@ceng
102    @aCN@b110000
105    @aa z 000yy
106    @ar
200 1  @a雷达系统分析与设计@Alei da xi tong fen xi yu she ji@dRadar systems analysis and design using@eMATLAB版@eMATLAB@f(美)Bassem R. Mahafza著@g周万幸等译@zeng
205    @a2版
210    @a北京@c电子工业出版社@d2021.1
215    @a20,620页@c图@d26cm
225 2  @a国防电子信息技术丛书
300    @a并列题名:Radar systems analysis and design using
305    @aTaylor & Francis Group, LLC授予出版
330    @a本书讨论了雷达基本概念和技术原理,具体描述了雷达横截面、极化、匹配滤波器和雷达模糊函数及雷达波传播的最新进展,并给出了PRN码、多径和折射、高距离分辨率、杂波和MTI处理的有关内容。
410  0 @1001003256642
461  0 @12001 @a国防电子信息技术丛书
510 1  @aRadar systems analysis and design using@eMATLAB@zeng
606 0  @aMatlab软件@x应用@x雷达@x系统分析
690    @aTN95@v5
701  0 @c(美)@a马哈富扎@Ama ha fu zha@c(Mahafza, Bassem R.)@4著
702  0 @a周万幸@Azhou wan xing@f(1961~)@4译
801  0 @aCN@bBJSDL@c20211011
905    @b1330568-71@dTN95@e39=2@f4
    
    雷达系统分析与设计=Radar systems analysis and design using:MATLAB版:MATLAB/(美)Bassem R. Mahafza著/周万幸等译.-2版.-北京:电子工业出版社,2021.1
    20,620页:图;26cm.-(国防电子信息技术丛书)
    并列题名:Radar systems analysis and design using
    
    ISBN 978-7-121-26001-8:CNY128.00
    本书讨论了雷达基本概念和技术原理,具体描述了雷达横截面、极化、匹配滤波器和雷达模糊函数及雷达波传播的最新进展,并给出了PRN码、多径和折射、高距离分辨率、杂波和MTI处理的有关内容。
●
相关链接 在E读中查询图书 在五车中查询图书 在当当中查询图书 在豆瓣中查询图书


正题名:雷达系统分析与设计     索取号:TN95/39=2         预约/预借

序号 登录号 条形码 馆藏地/架位号 状态 备注
1 1330568   213305680   第二样本阅览室/ [索取号:TN95/39=2] 在馆    
2 1330569   213305699   第三借阅区/ [索取号:TN95/39=2] 在馆    
3 1330570   213305706   第三借阅区/ [索取号:TN95/39=2] 在馆    
4 1330571   213305715   第三借阅区/ [索取号:TN95/39=2] 在馆    
唐山师范学院图书馆 欢迎您!
大连网信软件有限公司© 版权所有